000 00921nam a2200229Ia 4500
999 _c39970
_d39970
001 6576
003 GE_BSU
005 20191018120830.0
008 181216s1975||||ge |||||||||||||| ||ge ||
040 _cGE_BSU
041 _ageo
080 _a821.353.1-32 ბ-65
100 _aბიბილური, თამაზ
_94829
245 _aნიღაბი :
_bმოთხრობები /
_cთამაზ ბიბილური ; რედ. მ. წიკლაური ; მხატვ. კ. ფაჩულია.
264 _aთბილისი :
_bსაბჭ.საქართველო ;
_c1975.
300 _a285 გვ. ;
_c16 სმ.
653 _aნიღაბი
653 _aმოთხრობები
700 _aწიკლაური, მ.
_eრედაქტორი
_93861
700 _aფაჩულია, კ.
_eმხატვარი
_94831
942 _cBK
_2udc